000 00696nam a2200193 i 4500
001 158626
003 ES-MaACL
005 20250809000518.0
008 990519s1863 fr |||| | fre d
040 _aCCPB | B
_bspa
_cCCPB | B
100 1 _aMannequin, Th.
_9129419
245 1 0 _aTravail et liberté
_b: études critiques d'economie sociale /
_cpar Th. Mannequin.
260 _aParis :
_bGuillaumin et C\pie\s, Libraires,
_c1863.
300 _a2 v. ;
_c22 cm.
505 8 _aContiene: Tomo I: Valeur et distribution de la Richesse -- Tomo II: Problèmes Sociaux
650 7 _aDerecho laboral
_2embne
_9135885
852 _aES-MaACL
_jG-12102-12103
_z-- Enc. hol.
999 _c158626
_d158626